|
|
|
|
| LEADER |
00823nam a22001697a 4500 |
| 003 |
OSt |
| 008 |
151221b xxu||||| |||| 00| 0 eng d |
| 082 |
|
|
|a 820.16 SMI/E
|
| 100 |
|
|
|a Smith, F. Seymour
|
| 245 |
|
|
|a An English library:
|b a Bookman's guide to the classics/
|c F. Seymour Smith
|
| 260 |
|
|
|a London:
|b English Language Book Society,
|c 1963
|
| 300 |
|
|
|a 384p.
|
| 942 |
|
|
|2 ddc
|c BK
|
| 999 |
|
|
|c 324784
|d 324784
|
| 952 |
|
|
|0 0
|1 0
|4 0
|6 820_160000000000000_SMI_E
|7 0
|9 66272
|a UL
|b UL
|c Ref2
|d 2012-10-27
|l 0
|o 820.16 SMI/E
|p G5144
|r 2012-10-27
|w 2012-10-27
|y REF
|
| 952 |
|
|
|0 0
|1 0
|4 0
|6 820_160000000000000_SMI_E
|7 0
|9 66273
|a UL
|b UL
|c Ref2
|d 2012-10-27
|l 0
|o 820.16 SMI/E
|p G5145
|r 2012-10-27
|w 2012-10-27
|y REF
|
| 952 |
|
|
|0 0
|1 0
|2 ddc
|4 0
|6 820_160000000000000_SMI_E
|7 0
|9 371291
|a CSC
|b CSC
|c ST1
|d 2015-12-21
|i 2015
|l 0
|o 820.16 SMI/E
|p CSC2015
|r 2015-12-21
|w 2015-12-21
|y BK
|